000 00329nam a22001457a 4500
003 OSt
005 20220217144823.0
008 220217b |||||||| |||| 00| 0 eng d
020 _a8176490970
040 _cHU
082 _a658.57
100 _aTec
_930770
245 _aHandBook Pf Technology Management
942 _2ddc
_cBOOKS
_n0
999 _c30710
_d30710